ถอดบทเรียนตำนานการต่อสู้ของ...ข้าราชการหัวใจคุณธรรม ดร.วงศ์ศักดิ์ สวัสดิ์พาณิชย์ อธิบดีกรมการปกครอง / (ระเบียนเลขที่ 65136)
| 000 -LEADER | |
|---|---|
| fixed length control field | 01315nam a22002177a 4500 |
| 005 - DATE AND TIME OF LATEST TRANSACTION | |
| control field | 20251125233108.0 |
| 008 - FIXED-LENGTH DATA ELEMENTS--GENERAL INFORMATION | |
| fixed length control field | s2554 th ||||| |||| 00| 0 tha d |
| 020 ## - INTERNATIONAL STANDARD BOOK NUMBER | |
| International Standard Book Number | 9789743507281 |
| 040 ## - CATALOGING SOURCE | |
| Original cataloging agency | NALT |
| 050 ## - LIBRARY OF CONGRESS CALL NUMBER | |
| Classification number | DS 578.32 |
| Item number | ว128ถ 2554 |
| 100 0# - MAIN ENTRY--PERSONAL NAME | |
| Personal name | วงศ์ศักดิ์ สวัสดิ์พาณิชย์ |
| 9 (RLIN) | 31756 |
| 245 10 - TITLE STATEMENT | |
| Title | ถอดบทเรียนตำนานการต่อสู้ของ...ข้าราชการหัวใจคุณธรรม ดร.วงศ์ศักดิ์ สวัสดิ์พาณิชย์ อธิบดีกรมการปกครอง / |
| Statement of responsibility, etc. | กนกรัตน์ นิ่มสมุทร บูธ รวบรวมเรียบเรียง |
| 260 ## - PUBLICATION, DISTRIBUTION, ETC. | |
| Place of publication, distribution, etc. | กรุงเทพฯ : |
| Name of publisher, distributor, etc. | เอ็นโฟร์ โปรพริ้น, |
| Date of publication, distribution, etc. | 2554. |
| 300 ## - PHYSICAL DESCRIPTION | |
| Extent | 256 หน้า : |
| Other physical details | ภาพประกอบ ; |
| Dimensions | 21 ซม. |
| 600 04 - SUBJECT ADDED ENTRY--PERSONAL NAME | |
| 9 (RLIN) | 31758 |
| Personal name | วงศ์ศักดิ์ สวัสดิ์พาณิชย์ |
| General subdivision | ชีวประวัติ |
| 700 0# - ADDED ENTRY--PERSONAL NAME | |
| 9 (RLIN) | 31755 |
| Personal name | กนกรัตน์ นิ่มสมุทร บูธ |
| 850 ## - HOLDING INSTITUTION | |
| Holding institution | NALT |
| 856 40 - ELECTRONIC LOCATION AND ACCESS | |
| Uniform Resource Identifier | <a href="https://hdl.handle.net/20.500.14156/385917">https://hdl.handle.net/20.500.14156/385917</a> |
| -- | 1 |
| 942 ## - ADDED ENTRY ELEMENTS (KOHA) | |
| Koha item type | General Book |
| Source of classification or shelving scheme | Library of Congress Classification |
| Withdrawn status | Lost status | Source of classification or shelving scheme | Damaged status | Not for loan | Collection code | Home library | Current library | Source of acquisition | Cost, normal purchase price | Total Checkouts | Full call number | Barcode | Date last seen | Copy number | Cost, replacement price | Price effective from | Koha item type |
|---|---|---|---|---|---|---|---|---|---|---|---|---|---|---|---|---|---|
| Library of Congress Classification | General Book collection | National Assembly Library of Thailand | National Assembly Library of Thailand | จัดซื้อทรัพยากร | 185.00 | DS 578.32 ว128ถ 2554 | 3961187949 | 09/06/2017 | ฉ. 2 | 235.00 | 09/06/2017 | General Book | |||||
| Library of Congress Classification | General Book collection | National Assembly Library of Thailand | National Assembly Library of Thailand | จัดซื้อทรัพยากร | 185.00 | DS 578.32 ว128ถ 2554 | 3961187948 | 09/06/2017 | ฉ. 1 | 235.00 | 09/06/2017 | General Book |
